000 00738nam a2200217Ia 4500
003 GCL
008 140319s9999 xx 000 0 ara d
040 _aGCL /
_cGCL
082 0 4 _a001.6424
_bع م
100 1 _aعبدالحكيم عبدالله
245 1 0 _aالميكروكمبيوتر والبرمجة للمبتدئين باسيك /
_cعبدالحكيم عبدالله
260 _a[S.N] :
_bدار الراتب الجامعية
300 _a171 ص
490 _a
650 0 4 _aالحاسبات الالكترونية
650 0 4 _aباسيك
650 0 4 _aالبرامج
650 0 4 _aبرامج الحاسبات الالكترونية
650 0 4 _aالحاسبات الالكترونية- لغات
942 _2ddc
_cBK
999 _c33432
_d33432